Normal view
MARC view
- B. ROBERT BOZARTH C. CECIL
Entry Personal Name
001 - CONTROL NUMBER
- control field: 87173
003 - CONTROL NUMBER IDENTIFIER
- control field: NUST
005 - DATE AND TIME OF LATEST TRANSACTION
- control field: 20211230161057.0
008 - FIXED-LENGTH DATA ELEMENTS
- fixed length control field: 211230|| aca||aabn | a|a d
040 ## - CATALOGING SOURCE
- Original cataloging agency: NUST
- Transcribing agency: NUST
100 ## - HEADING--PERSONAL NAME
- Personal name: B. ROBERT BOZARTH C. CECIL
670 ## - SOURCE DATA FOUND
- Source citation: Work cat.: (NUST): B. ROBERT BOZARTH C. CECIL., INTRODUCTION TO OPERATIONS SUPPLY CHAIN MANAGEMENT /, 2019.
